000 00898nam a2200277 i 4500
003 EG-GICUC
005 20260429190043.0
008 260429s1964 it ||||fr|||| 000 0 ita d
040 _aEG-GiCUC
_bita
_cEG-GiCUC
_dEG-GiCUC
_erda
082 0 4 _221
_a343.6
_bMA . C
092 0 4 _221
099 _aLaw1 10 343.6 MA . C 1964
100 1 _aMaamoun Salama
_eAuthor.
245 1 3 _aIl Concorso Di Più Persone Nel Reato:
_b Nella Dottrina E Nei Sistemi Penali Contemporanei /
_cMaamoun Salama.
264 1 _aRome :
_bJandi Sapi Editori,
_c1964.
300 _a214 pages :
_billustrations,
_c24 cm
336 _2rda content
_atext
337 _2rda media
_aComputer
338 _2rda carrier
_aOnline Resource
546 _a Text in Italian
650 1 4 _aCriminal law
_2
651 1 _2
856 4 0 _uhttps://fll.law.cu.edu.eg/fulltext/bks/B10-10842.pdf
905 _a50
942 _2ddc
_cBK
_e21
_n0
999 _c74316
_d74316